[Event "Online Olym Div2 C 2020"]
[Site "chess.com INT"]
[Date "2020.08.16"]
[Round "9.1"]
[Board "2"]
[White "Shirov, Alexei"]
[Black "Van Foreest, Jorden"]
[Result "1-0"]
[WhiteTitle "GM"]
[BlackTitle "GM"]
[WhiteElo "2647"]
[BlackElo "2682"]
[WhiteTeam "Spain"]
[BlackTeam "Netherlands"]
[WhiteFideId "2209390"]
[BlackFideId "1039784"]
[EventDate "2020.08.14"]
[EventType "team"]

1. e4 c5 2. Nf3 d6 3. d4 cxd4 4. Nxd4 Nf6 5. Nc3 a6 6. h3 e5 7. Nb3 Be7 8. g4 h6
9. Be3 b5 10. Nd5 Bb7 11. Bb6 Qc8 12. Nxe7 Kxe7 13. f3 Nbd7 14. Ba5 Nc5 15. Qd2
Qe6 16. O-O-O Rhc8 17. Kb1 Nxb3 18. axb3 d5 19. g5 hxg5 20. Qxg5 Kf8 21. Rg1 Ne8
22. exd5 Bxd5 23. Bd3 e4 24. fxe4 Bxe4 25. Qh4 f5 26. Bxe4 Qxe4 27. Qh8+ Kf7 28.
Bc3 Rxc3 29. bxc3 Qe6 30. Rxg7+ 1-0

[Event "Online Olym Div2 C 2020"]
[Site "chess.com INT"]
[Date "2020.08.16"]
[Round "9.1"]
[Board "3"]
[White "Peng, Zhaoqin"]
[Black "Matnadze, Ana"]
[Result "1/2-1/2"]
[WhiteTitle "GM"]
[BlackTitle "IM"]
[WhiteElo "2358"]
[BlackElo "2421"]
[WhiteTeam "Netherlands"]
[BlackTeam "Spain"]
[WhiteFideId "1004786"]
[BlackFideId "13601377"]
[EventDate "2020.08.14"]
[EventType "team"]

1. d4 Nf6 2. c4 e6 3. Nf3 d5 4. Nc3 c6 5. e3 Be7 6. b3 O-O 7. Bd3 b6 8. O-O Bb7
9. Bb2 c5 10. Qe2 Nc6 11. Rad1 Qc7 12. Rc1 dxc4 13. Bxc4 cxd4 14. Nb5 Qb8 15.
Nbxd4 Nxd4 16. Bxd4 Ng4 17. e4 Rd8 18. g3 Bf6 19. Rfd1 Bxd4 20. Nxd4 Ne5 21. Nb5
a6 22. Rxd8+ Qxd8 23. Rd1 Qf6 24. Nd6 Bc6 25. f4 Nxc4 26. Qxc4 Bb5 27. Nxb5 axb5
28. Qc6 Rd8 29. Rxd8+ Qxd8 30. Qxb5 Qd4+ 31. Kf1 Qa1+ 32. Ke2 Qxa2+ 33. Kf3 h6
34. h4 Qa7 35. Qe8+ Kh7 36. h5 Qc7 37. Kg4 Qc2 38. Qxf7 Qxe4 39. Kh4 Qh1+ 40.
Kg4 Qd1+ 41. Kh4 Qxb3 42. Qg6+ Kg8 43. Qe8+ Kh7 44. Qg6+ Kg8 45. Qe8+ Kh7 46.
Qg6+ 1/2-1/2

[Event "Online Olym Div2 C 2020"]
[Site "chess.com INT"]
[Date "2020.08.16"]
[Round "9.1"]
[Board "4"]
[White "Hernandez Estevez, Yudania"]
[Black "Haast, Anne"]
[Result "0-1"]
[WhiteTitle "WIM"]
[BlackTitle "WGM"]
[WhiteElo "2197"]
[BlackElo "2318"]
[WhiteTeam "Spain"]
[BlackTeam "Netherlands"]
[WhiteFideId "2219344"]
[BlackFideId "1017292"]
[EventDate "2020.08.14"]
[EventType "team"]

1. e4 c5 2. Nf3 e6 3. d4 cxd4 4. Nxd4 Nc6 5. Nc3 Qc7 6. Be2 a6 7. O-O Nf6 8. Be3
Bb4 9. Nxc6 bxc6 10. Qd4 Be7 11. e5 c5 12. Qf4 Nd5 13. Nxd5 exd5 14. Qg3 Kf8 15.
Rad1 Bb7 16. f4 d6 17. b4 h5 18. bxc5 dxc5 19. f5 h4 20. Qf4 Ke8 21. Bf3 d4 22.
Bd2 Rb8 23. Rb1 Bxf3 24. Rxb8+ Qxb8 25. Qxf3 Kf8 26. e6 Bd6 27. f6 Bxh2+ 28. Kh1
g6 29. e7+ Kg8 30. e8=Q+ Qxe8 31. Kxh2 Rh5 32. Re1 Qd8 33. Qc6 Qb8+ 34. Kg1 Re5
35. Rxe5 Qxe5 36. Qc8+ Kh7 37. Qxa6 h3 38. Qd3 hxg2 39. Qh3+ Kg8 40. Qc8+ Kh7
41. Qh3+ Kg8 42. Qxg2 Qxf6 43. a4 c4 44. a5 c3 45. Bg5 Qe5 46. Bd8 d3 47. cxd3
Qd4+ 48. Kf1 Qxd3+ 49. Ke1 Qxd8 50. a6 Qh4+ 51. Kd1 Qa4+ 52. Qc2 Qa1+ 53. Ke2
Qxa6+ 54. Ke3 Qf6 55. Ke2 Kg7 56. Qd3 Qe5+ 57. Kd1 g5 58. Kc2 g4 59. Qc4 f5 60.
Qa4 Qe4+ 0-1

[Event "Online Olym Div2 C 2020"]
[Site "chess.com INT"]
[Date "2020.08.16"]
[Round "9.1"]
[Board "5"]
[White "Warmerdam, Max"]
[Black "Henderson de La Fuente, Lance"]
[Result "1-0"]
[WhiteTitle "IM"]
[BlackTitle "GM"]
[WhiteElo "2506"]
[BlackElo "2491"]
[WhiteTeam "Netherlands"]
[BlackTeam "Spain"]
[WhiteFideId "1048104"]
[BlackFideId "32096585"]
[EventDate "2020.08.14"]
[EventType "team"]

1. e4 e6 2. d4 d5 3. Nc3 Bb4 4. e5 c5 5. a3 Ba5 6. b4 cxd4 7. Qg4 Kf8 8. Nb5 Bb6
9. Nf3 Nc6 10. Bb2 Nge7 11. Nbxd4 h5 12. Qf4 Ng6 13. Nxc6 bxc6 14. Qg3 a5 15.
Bd3 Ne7 16. Qf4 Nf5 17. O-O g6 18. Bxf5 gxf5 19. Bd4 Ba6 20. Rfe1 Rg8 21. h3 Ke8
22. Qe3 Rb8 23. bxa5 Bxa5 24. Reb1 Kd7 25. Bc5 Bc7 26. Rb4 Ba5 27. Rbb1 Bc7 28.
Qh6 Rxb1+ 29. Rxb1 Rg6 30. Qe3 f6 31. Bd6 Bxd6 32. exd6 Qa8 33. Nd4 e5 34. Nxf5
Rg5 35. Qb6 Qc8 36. Qa7+ Ke6 37. Rb8 Qd7 38. Nd4+ exd4 39. Qxa6 Qxd6 40. Qb7 Kf5
41. Qh7+ Kf4 42. g3+ Rxg3+ 43. fxg3+ Kxg3 44. Rg8+ Kh4 45. Qf5 1-0

[Event "Online Olym Div2 C 2020"]
[Site "chess.com INT"]
[Date "2020.08.16"]
[Round "9.1"]
[Board "6"]
[White "Eizaguerri Floris, Maria"]
[Black "Roebers, Eline"]
[Result "1-0"]
[WhiteTitle "WFM"]
[WhiteElo "2167"]
[BlackElo "2066"]
[WhiteTeam "Spain"]
[BlackTeam "Netherlands"]
[WhiteFideId "32065752"]
[BlackFideId "1058401"]
[EventDate "2020.08.14"]
[EventType "team"]

1. e4 c5 2. Nf3 e6 3. c3 Nf6 4. e5 Nd5 5. d4 cxd4 6. cxd4 d6 7. Bc4 Bd7 8. O-O
Bc6 9. Bd2 Nd7 10. Qe2 dxe5 11. dxe5 Bc5 12. Nc3 N7b6 13. Bb5 Rc8 14. Ne4 Be7
15. Rac1 Bxb5 16. Qxb5+ Qd7 17. Rxc8+ Nxc8 18. Qxd7+ Kxd7 19. Nc3 Ncb6 20. Rd1
Nxc3 21. Bxc3+ Nd5 22. Kf1 Rc8 23. g3 b5 24. Ke2 b4 25. Bd4 a5 26. Ne1 a4 27.
Ng2 Rc2+ 28. Rd2 Rxd2+ 29. Kxd2 Kc6 30. Kd3 Bc5 31. Ne1 Kb5 32. Nf3 a3 33. b3
Bxd4 34. Nxd4+ Kc5 35. Ne2 Nc7 36. Ke4 Nb5 37. f4 h5 38. h3 g6 39. g4 h4 40. g5
Nc7 41. Nc1 Nd5 42. Nd3+ Kb5 43. Kd4 Nc3 44. Nc1 Nd1 45. Nd3 Nc3 46. Nc1 Nd1 47.
Nd3 Ka5 48. Kc5 Nc3 49. Nxb4 Ne4+ 50. Kc4 Nf2 51. Nc6+ Kb6 52. Nd4 Nxh3 53. Nf3
Nxf4 54. Nxh4 Ne2 55. Kb4 Nd4 56. Kxa3 Kb5 57. Kb2 Kc5 58. a3 Kd5 59. Kc3 Kxe5
60. a4 Kd5 61. b4 e5 62. Ng2 Ne2+ 63. Kb3 Nd4+ 64. Kc3 Ne2+ 65. Kd3 Nc1+ 66. Kd2
Na2 67. Ne3+ Kd4 68. b5 Nc3 69. b6 Ne4+ 70. Ke2 Nc3+ 71. Kf3 e4+ 72. Kf2 Kc5 73.
b7 Nxa4 74. b8=Q 1-0

[Event "Online Olym Div2 C 2020"]
[Site "chess.com INT"]
[Date "2020.08.16"]
[Round "9.2"]
[Board "2"]
[White "Pancevski, Filip"]
[Black "Sebenik, Matej"]
[Result "1-0"]
[WhiteTitle "IM"]
[BlackTitle "GM"]
[WhiteElo "2519"]
[BlackElo "2498"]
[WhiteTeam "North Macedonia"]
[BlackTeam "Slovenia"]
[WhiteFideId "15002187"]
[BlackFideId "14602296"]
[EventDate "2020.08.14"]
[EventType "team"]

1. c4 Nf6 2. g3 e5 3. Bg2 c6 4. Nf3 e4 5. Nd4 Qb6 6. Nb3 a5 7. d3 a4 8. N3d2
exd3 9. O-O d5 10. exd3 Be7 11. Re1 Bg4 12. Nf3 d4 13. Qe2 Qd8 14. Bg5 Kf8 15.
Nbd2 h6 16. Bf4 Na6 17. h3 Bh5 18. g4 Bg6 19. Ne5 Bd6 20. Ndf3 Nc5 21. Rad1 Bxe5
22. Bxe5 Ne6 23. b4 axb3 24. axb3 Kg8 25. Qb2 h5 26. g5 Nd7 27. h4 Nxe5 28. Nxe5
Qd6 29. Qd2 Kh7 30. f4 Rhe8 31. Bh3 Nf8 32. Qh2 Kg8 33. f5 Bh7 34. Re4 f6 35.
Nf3 Qxh2+ 36. Kxh2 g6 37. Rde1 Rxe4 38. dxe4 Re8 39. gxf6 gxf5 40. e5 Ne6 41.
Ng5 Nxg5 42. hxg5 Kf7 43. Kg3 Ke6 44. Kf4 Ra8 45. c5 Ra3 46. Bf1 1-0

[Event "Online Olym Div2 C 2020"]
[Site "chess.com INT"]
[Date "2020.08.16"]
[Round "9.2"]
[Board "3"]
[White "Unuk, Laura"]
[Black "Stojkovska, Monika"]
[Result "1-0"]
[WhiteTitle "WGM"]
[BlackTitle "WFM"]
[WhiteElo "2315"]
[BlackElo "2106"]
[WhiteTeam "Slovenia"]
[BlackTeam "North Macedonia"]
[WhiteFideId "14609215"]
[BlackFideId "15002594"]
[EventDate "2020.08.14"]
[EventType "team"]

1. d4 e6 2. c4 Nf6 3. Nf3 b6 4. g3 Bb7 5. Bg2 Be7 6. O-O O-O 7. Re1 Ne4 8. Qc2
d5 9. cxd5 Bxd5 10. Nc3 Nxc3 11. bxc3 Nd7 12. c4 Bb7 13. e4 c5 14. d5 e5 15. Bb2
Bd6 16. Nh4 g6 17. f4 f6 18. Rf1 Qe7 19. Bh3 Rfe8 20. Be6+ Kg7 21. Qe2 exf4 22.
Qg4 Kf8 23. Bxd7 f5 24. Bxf5 gxf5 25. Nxf5 Qd7 26. Bg7+ Kf7 27. Nh6+ Ke7 28.
Qg5# 1-0

[Event "Online Olym Div2 C 2020"]
[Site "chess.com INT"]
[Date "2020.08.16"]
[Round "9.2"]
[Board "4"]
[White "Bejatovic, Bojana"]
[Black "Janzelj, Lara"]
[Result "0-1"]
[BlackTitle "WIM"]
[WhiteElo "2031"]
[BlackElo "2210"]
[WhiteTeam "North Macedonia"]
[BlackTeam "Slovenia"]
[WhiteFideId "15000141"]
[BlackFideId "14608391"]
[EventDate "2020.08.14"]
[EventType "team"]

1. e4 e5 2. Bc4 Nf6 3. d3 Nc6 4. Nf3 h6 5. c3 d6 6. h3 g5 7. Qb3 Qe7 8. Be3 Bg7
9. Nbd2 a6 10. d4 exd4 11. Nxd4 Nxd4 12. cxd4 O-O 13. Qc2 d5 14. exd5 b5 15. Bb3
Bb7 16. Qf5 Rfd8 17. O-O Nxd5 18. Rae1 Qf6 19. Qxf6 Bxf6 20. Ne4 Bg7 21. Nc5 Bc8
22. h4 gxh4 23. Nd3 Bf5 24. Rd1 Kh7 25. Nf4 c6 26. Nxd5 cxd5 27. Rc1 Bf6 28. Rc6
Be6 29. Rfc1 h5 30. Kf1 Rg8 31. Rd6 Be7 32. Rb6 h3 33. gxh3 Bxh3+ 34. Ke2 Bg4+
35. Kd3 Bf5+ 36. Ke2 Be6 37. Rh1 h4 38. Rb7 Bf6 39. Rb6 a5 40. Bc2+ Kg7 41. Bd3
b4 42. Bf4 Bg4+ 43. f3 Rge8+ 44. Kd2 Bxd4 45. Bh6+ Kg8 46. Rb5 Bxf3 47. Rxh4 Bf6
48. Rh3 Be4 49. Rg3+ Kh7 50. Bf4 Bxd3 51. Kxd3 Rad8 52. Rb7 Re7 53. Rb6 Bg7 54.
b3 Re4 55. Bg5 Rc8 56. Bf6 Bxf6 57. Rxf6 Rc3+ 58. Kd2 Rxg3 0-1

[Event "Online Olym Div2 C 2020"]
[Site "chess.com INT"]
[Date "2020.08.16"]
[Round "9.2"]
[Board "5"]
[White "Stevanic, David"]
[Black "Lazov, Toni"]
[Result "0-1"]
[WhiteTitle "FM"]
[BlackTitle "IM"]
[WhiteElo "2337"]
[BlackElo "2405"]
[WhiteTeam "Slovenia"]
[BlackTeam "North Macedonia"]
[WhiteFideId "14613921"]
[BlackFideId "15000770"]
[EventDate "2020.08.14"]
[EventType "team"]

1. e4 c5 2. Nf3 e6 3. d4 cxd4 4. Nxd4 Nf6 5. Nc3 d6 6. g4 a6 7. g5 Nfd7 8. Be3
Be7 9. h4 Qc7 10. f4 b5 11. f5 Ne5 12. fxe6 fxe6 13. Bh3 b4 14. Na4 O-O 15. Nxe6
Bxe6 16. Bxe6+ Kh8 17. Nb6 Ra7 18. Qe2 Rb7 19. Nd5 Nf3+ 20. Kd1 Qd8 21. Nf4 Ne5
22. Bd5 Qd7 23. Bxb7 Qxb7 24. Nd5 Nbc6 25. Rf1 Rc8 26. h5 Na7 27. g6 h6 28. Nxe7
Qxe7 29. Qg2 Nc4 30. Bc1 Nb5 31. Qf3 Ne5 32. Qf5 Re8 33. Bf4 Nd4 34. Qh3 Nc4 35.
Bc1 Qxe4 36. Qd3 Qg4+ 37. Rf3 Nxf3 0-1

[Event "Online Olym Div2 C 2020"]
[Site "chess.com INT"]
[Date "2020.08.16"]
[Round "9.2"]
[Board "6"]
[White "Manova, Ivana"]
[Black "Urh, Zala"]
[Result "0-1"]
[BlackTitle "WIM"]
[WhiteElo "1742"]
[BlackElo "2156"]
[WhiteTeam "North Macedonia"]
[BlackTeam "Slovenia"]
[WhiteFideId "15003590"]
[BlackFideId "14611481"]
[EventDate "2020.08.14"]
[EventType "team"]

1. e4 c5 2. Nf3 Nc6 3. Bb5 g6 4. Bxc6 dxc6 5. d3 Bg7 6. h3 Nf6 7. Nc3 Nd7 8. O-O
e5 9. Be3 b6 10. Qd2 h6 11. Nh2 Nf8 12. f4 exf4 13. Bxf4 Ne6 14. Ng4 Nxf4 15.
Qxf4 Qe7 16. Rae1 Be6 17. e5 O-O-O 18. Ne4 Kb8 19. Ngf6 Rd4 20. Qf2 Rhd8 21. Nd6
R4xd6 22. exd6 Qxd6 23. Kh1 Kb7 24. Re2 g5 25. b3 Rh8 26. Ne4 Qc7 27. Rfe1 Bd4
28. Qf3 Qc8 29. c4 g4 30. Nd6+ Ka8 31. Qe4 Qd7 32. Nxf7 Bxf7 33. Qxg4 Qxg4 34.
hxg4 h5 35. g5 h4 36. Re7 Bg6 37. R1e6 Bxd3 38. Rxc6 h3 39. Rh6 hxg2+ 40. Kxg2
Rf8 41. Rhe6 Rf2+ 42. Kg3 Rf1 43. Re8+ Kb7 44. R8e7+ Kb8 45. Kg4 Bf5+ 46. Kh5
Rh1# 0-1

[Event "Online Olym Div2 C 2020"]
[Site "chess.com INT"]
[Date "2020.08.16"]
[Round "9.3"]
[Board "1"]
[White "Dvirnyy, Danyyil"]
[Black "Ashiku, Franc"]
[Result "1/2-1/2"]
[WhiteTitle "GM"]
[BlackTitle "IM"]
[WhiteElo "2485"]
[BlackElo "2419"]
[WhiteTeam "Italy"]
[BlackTeam "Albania"]
[WhiteFideId "817570"]
[BlackFideId "4700066"]
[EventDate "2020.08.14"]
[EventType "team"]

1. Nf3 Nf6 2. b3 g6 3. Bb2 Bg7 4. g3 O-O 5. Bg2 d6 6. d4 Ne4 7. O-O Nc6 8. c4 f5
9. Nc3 Nxc3 10. Bxc3 e5 11. dxe5 dxe5 12. Qd5+ Kh8 13. Qxd8 Rxd8 14. Ng5 Rf8 15.
Bxc6 bxc6 16. Rad1 h6 17. Nf3 Re8 18. Rd2 f4 19. Rfd1 Bg4 20. Kg2 e4 21. Bxg7+
Kxg7 22. Nd4 e3 23. fxe3 fxe3 24. Rd3 Re4 25. h3 Bd7 26. Nc2 Bf5 27. g4 Be6 28.
Rxe3 Rxe3 29. Nxe3 a5 30. a4 Rb8 31. Rd3 Kf6 32. Nf1 h5 33. Kg3 Kg5 34. h4+ Kf6
35. g5+ Ke5 36. Nh2 c5 37. Nf3+ Ke4 38. Nd2+ Ke5 39. Re3+ Kd6 40. Ne4+ Kc6 41.
Nc3 Bf5 42. Nb5 Kd7 43. Rc3 c6 44. Na3 Kd6 45. Kf4 Re8 46. Nc2 Re4+ 47. Kf3 Rxh4
48. Ne3 Rh3+ 49. Kf4 Rh4+ 50. Kg3 Rh3+ 51. Kf4 Ke6 52. Rc1 Rh4+ 53. Kg3 Re4 54.
Kf3 Rd4 55. Nd1 Rd2 56. Nf2 Bg4+ 57. Nxg4 hxg4+ 58. Kxg4 Rxe2 59. Rf1 Re4+ 60.
Rf4 Rxf4+ 61. Kxf4 Kd6 62. Ke4 Ke6 63. Kf4 Kd6 1/2-1/2

[Event "Online Olym Div2 C 2020"]
[Site "chess.com INT"]
[Date "2020.08.16"]
[Round "9.3"]
[Board "2"]
[White "Pasko, Llambi"]
[Black "Lodici, Lorenzo"]
[Result "0-1"]
[WhiteTitle "IM"]
[BlackTitle "IM"]
[WhiteElo "2410"]
[BlackElo "2489"]
[WhiteTeam "Albania"]
[BlackTeam "Italy"]
[WhiteFideId "4701178"]
[BlackFideId "884189"]
[EventDate "2020.08.14"]
[EventType "team"]

1. d4 Nf6 2. c4 e6 3. Nf3 d5 4. e3 b6 5. Nc3 Bd6 6. cxd5 exd5 7. Bd3 Bb7 8. O-O
a6 9. b3 Nbd7 10. Bb2 O-O 11. Rc1 Re8 12. Qe2 Ne4 13. Bxe4 dxe4 14. Nd2 b5 15.
a4 b4 16. Ncb1 Re6 17. Nc4 Bxh2+ 18. Kxh2 Qh4+ 19. Kg1 Rh6 20. f4 exf3 21. Rxf3
Bxf3 22. Qxf3 Qh2+ 23. Kf2 Rf6 24. Nbd2 Rxf3+ 25. Nxf3 Qh5 26. Nce5 Nxe5 27.
dxe5 Rc8 28. Rc6 Qf5 29. Bd4 a5 30. Ke2 Qe4 31. Rc5 h6 32. Rc4 Qg6 33. Kf2 Qd3
34. Bb6 Qxb3 35. Nd2 Qxc4 0-1

[Event "Online Olym Div2 C 2020"]
[Site "chess.com INT"]
[Date "2020.08.16"]
[Round "9.3"]
[Board "3"]
[White "Zimina, Olga"]
[Black "Shabanaj, Eglantina"]
[Result "1-0"]
[WhiteTitle "IM"]
[BlackTitle "WCM"]
[WhiteElo "2378"]
[BlackElo "1996"]
[WhiteTeam "Italy"]
[BlackTeam "Albania"]
[WhiteFideId "4132190"]
[BlackFideId "4700562"]
[EventDate "2020.08.14"]
[EventType "team"]

1. Nf3 Nf6 2. c4 d6 3. d4 g6 4. Nc3 Nbd7 5. Bg5 Bg7 6. e3 O-O 7. Be2 c6 8. O-O
Qc7 9. Rc1 e5 10. Bh4 Re8 11. b4 Nf8 12. c5 e4 13. cxd6 Qxd6 14. Nd2 Nd5 15.
Ndxe4 Qxb4 16. Nxd5 cxd5 17. Rb1 Qa5 18. Nd6 Re6 19. Nxc8 Rxc8 20. Rxb7 Qxa2 21.
Bg4 f5 22. Bf3 a6 23. Qb1 Qc4 24. Qb3 Qxb3 25. Rxb3 Rd6 26. Bg3 Rd7 27. Ra3 Ne6
28. Rxa6 Ng5 29. Rfa1 Ne4 30. Ra8 Rdd8 31. Rxc8 Rxc8 32. Bd1 g5 33. Bb3 Nc3 34.
Bd6 f4 35. Kf1 fxe3 36. fxe3 Re8 37. Re1 Re6 38. Bc5 Rf6+ 39. Kg1 Rf5 40. Bb4
Ne4 41. g4 Rf6 42. Bxd5+ Kh8 43. Bxe4 Re6 44. Bf5 Re8 45. Bc5 h6 46. Kf2 Bf6 47.
Kf3 Kg7 48. Rb1 Kg8 49. Rb6 Bg7 50. Rb7 Ra8 51. Bg6 Rf8+ 52. Bxf8 1-0

[Event "Online Olym Div2 C 2020"]
[Site "chess.com INT"]
[Date "2020.08.16"]
[Round "9.3"]
[Board "4"]
[White "Gjergji, Rozana"]
[Black "Sedina, Elena"]
[Result "0-1"]
[WhiteTitle "WCM"]
[BlackTitle "IM"]
[WhiteElo "1942"]
[BlackElo "2299"]
[WhiteTeam "Albania"]
[BlackTeam "Italy"]
[WhiteFideId "4700147"]
[BlackFideId "812153"]
[EventDate "2020.08.14"]
[EventType "team"]

1. e4 e6 2. d4 d5 3. exd5 exd5 4. Nf3 Bd6 5. Be2 Nc6 6. Be3 Nge7 7. O-O O-O 8.
Nbd2 Nf5 9. Nb3 Nxe3 10. fxe3 Re8 11. Qd2 Qe7 12. Kf2 Bg4 13. g3 Bh3 14. Rfe1
Nb8 15. Bf1 Bg4 16. Bg2 Nd7 17. Qd3 Nf6 18. Nbd2 Ne4+ 19. Kg1 c6 20. Re2 h5 21.
Ree1 Rad8 22. c4 Nxd2 23. Nxd2 h4 24. Nf1 dxc4 25. Qxc4 hxg3 26. Nxg3 Qh4 27.
Rf1 Be6 28. Qe2 Bxg3 29. hxg3 Qxg3 30. Rf3 Qg5 31. Qf2 Bd5 32. Rg3 Qe7 33. a3
Rd6 34. Rf1 g6 35. Qf4 Bxg2 36. Kxg2 Qe4+ 37. Qxe4 Rxe4 38. Rgf3 f5 39. Rh1 Kg7
40. Kf2 Kf6 41. Rh7 Re7 42. Rxe7 Kxe7 43. Rh3 Rd7 44. Kf3 Kf6 45. Rh8 Rg7 46.
Kf4 g5+ 47. Kg3 Re7 48. Kf3 g4+ 49. Kf2 Ke6 50. Rd8 Rf7 51. Kg3 Rd7 52. Re8+ Re7
53. Rd8 Kf6 54. Kf2 Rh7 55. Rd6+ Kg5 56. Rd8 Rh2+ 57. Kg3 Rxb2 58. Rg8+ Kf6 59.
Rf8+ Ke6 60. Re8+ Kf7 61. Re5 Kf6 62. Re8 Re2 63. Rf8+ Ke6 64. Re8+ Kf7 65. Re5
Kf6 66. Re8 a5 67. Rf8+ Ke6 68. Re8+ Kf7 69. Re5 a4 70. Rxf5+ Kg6 71. Re5 Ra2
72. Kxg4 Rxa3 73. Kf4 Ra1 74. Ra5 b5 75. Ke4 a3 76. Kd3 b4 77. Kc4 Rb1 78. e4
Rb2 79. d5 cxd5+ 80. exd5 Kf6 81. Ra6+ Ke7 82. Ra7+ Kd6 83. Ra6+ Kc7 84. Ra7+
Kb6 85. Ra4 a2 86. Ra8 b3 87. Kc3 Rb1 0-1

[Event "Online Olym Div2 C 2020"]
[Site "chess.com INT"]
[Date "2020.08.16"]
[Round "9.3"]
[Board "5"]
[White "Sonis, Francesco"]
[Black "Veleshnja, Zino"]
[Result "1-0"]
[WhiteTitle "IM"]
[WhiteElo "2490"]
[BlackElo "2287"]
[WhiteTeam "Italy"]
[BlackTeam "Albania"]
[WhiteFideId "895733"]
[BlackFideId "4701313"]
[EventDate "2020.08.14"]
[EventType "team"]

1. d4 Nf6 2. c4 g6 3. g3 Bg7 4. Bg2 O-O 5. Nc3 d6 6. Nf3 c5 7. O-O Nc6 8. dxc5
dxc5 9. Bf4 Nd4 10. Be5 Be6 11. Nxd4 cxd4 12. Nb5 Bxc4 13. Nxd4 Bd5 14. Nf3 Qd7
15. Qd4 Rfd8 16. Rfd1 Bc6 17. Qxd7 Nxd7 18. Bxg7 Kxg7 19. Rac1 Nb6 20. b3 Rac8
21. Kf1 Be4 22. Ke1 Nd5 23. Rc4 Nf6 24. Rdd4 Rxc4 25. Rxc4 Bc6 26. Rc1 a6 27.
Rc2 h6 28. Rc1 Rd7 29. Bh3 Rd5 30. Bf1 Ra5 31. Rc2 Be4 32. Rd2 Rc5 33. Kd1 Rd5
34. Ne1 Nd7 35. f3 Rxd2+ 36. Kxd2 Bc6 37. e3 Ne5 38. Be2 f5 39. Kc3 Kf6 40. f4
Nd7 41. Nd3 e5 42. Nb4 Be4 43. Bc4 Nb6 44. a4 exf4 45. exf4 g5 46. Kd4 Nxc4 47.
bxc4 Ke6 48. Kc5 a5 49. Nd5 Bc2 50. Kb5 Bb3 51. Ne3 gxf4 52. gxf4 Ba2 53. Kxa5
Bb1 54. Kb6 Be4 55. a5 Kd6 56. c5+ Kd7 57. Nc4 Ke6 58. Nd6 Kd5 59. Nxb7 1-0

[Event "Online Olym Div2 C 2020"]
[Site "chess.com INT"]
[Date "2020.08.16"]
[Round "9.3"]
[Board "6"]
[White "Shuqja, Klean"]
[Black "Grimaldi, Angela Flavia"]
[Result "0-1"]
[WhiteTitle "WCM"]
[WhiteElo "1838"]
[BlackElo "2070"]
[WhiteTeam "Albania"]
[BlackTeam "Italy"]
[WhiteFideId "4701585"]
[BlackFideId "2805214"]
[EventDate "2020.08.14"]
[EventType "team"]

1. e4 c5 2. Nf3 g6 3. d4 cxd4 4. Nxd4 Nc6 5. Nc3 Bg7 6. Nb3 Nf6 7. Be2 O-O 8.
O-O d6 9. Bg5 Be6 10. Kh1 a6 11. f4 b5 12. Bf3 Rc8 13. Rb1 Bc4 14. Rf2 Qb6 15.
Rd2 h6 16. Bh4 a5 17. e5 dxe5 18. Bxc6 Qxc6 19. fxe5 Ne4 20. Nxa5 Qa8 21. Nxc4
Nxc3 22. bxc3 bxc4 23. Bxe7 Rfe8 24. Bf6 Qxa2 25. Rd7 Rb8 26. Rxb8 Rxb8 27. Rd8+
Rxd8 28. Qxd8+ Kh7 29. h3 Qxc2 30. Bxg7 Kxg7 31. Qf6+ Kg8 32. e6 Qd1+ 33. Kh2
Qd6+ 34. Kh1 Qxe6 35. Qd8+ Kh7 36. Qd4 h5 37. Kh2 Qe2 38. Qf6 Qe6 39. Qd4 Qc6
40. Qf4 Qd5 41. Qf6 Kg8 42. Qf4 g5 43. Qb8+ Kg7 44. Qc7 Kf6 45. Qb6+ Qe6 46.
Qf2+ Kg6 47. Qc2+ Qf5 48. Qe2 Qf4+ 49. g3 Qc7 50. Qe4+ Kg7 51. Qd4+ f6 52. Qe4
h4 53. Qg4 Qxg3+ 54. Qxg3 hxg3+ 55. Kxg3 Kg6 56. Kg4 f5+ 57. Kf3 Kf6 58. Ke3 Ke5
59. Kf3 f4 60. Kg4 Ke4 61. Kxg5 f3 62. h4 f2 0-1

[Event "Online Olym Div2 C 2020"]
[Site "chess.com INT"]
[Date "2020.08.16"]
[Round "9.4"]
[Board "1"]
[White "Sirosh, Ilja"]
[Black "Pelletier, Yannick"]
[Result "1/2-1/2"]
[WhiteTitle "IM"]
[BlackTitle "GM"]
[WhiteElo "2405"]
[BlackElo "2581"]
[WhiteTeam "Estonia"]
[BlackTeam "Switzerland"]
[WhiteFideId "4500458"]
[BlackFideId "1301837"]
[EventDate "2020.08.14"]
[EventType "team"]

1. d4 Nf6 2. c4 e6 3. g3 Bb4+ 4. Bd2 Qe7 5. Nf3 Nc6 6. Nc3 Bxc3 7. Bxc3 Ne4 8.
Rc1 O-O 9. Bg2 d6 10. O-O Nxc3 11. Rxc3 e5 12. d5 Nb8 13. c5 Na6 14. cxd6 cxd6
15. a3 Bg4 16. b4 Rfc8 17. Qd2 Rxc3 18. Qxc3 Rc8 19. Qe3 Nc7 20. Rd1 Nb5 21. h3
Bxf3 22. exf3 Rc3 23. Rd3 Rxd3 24. Qxd3 Nd4 25. Qc4 Qd8 26. a4 g6 27. f4 b6 28.
fxe5 dxe5 29. a5 Kg7 30. a6 Qd6 31. h4 1/2-1/2

[Event "Online Olym Div2 C 2020"]
[Site "chess.com INT"]
[Date "2020.08.16"]
[Round "9.4"]
[Board "2"]
[White "Loetscher, Roland"]
[Black "Andrijashkin, Deniss"]
[Result "1-0"]
[WhiteTitle "IM"]
[WhiteElo "2404"]
[BlackElo "1915"]
[WhiteTeam "Switzerland"]
[BlackTeam "Estonia"]
[WhiteFideId "1305239"]
[BlackFideId "4504631"]
[EventDate "2020.08.14"]
[EventType "team"]

1. d4 g6 2. g3 Bg7 3. Bg2 d6 4. e4 Nf6 5. Ne2 O-O 6. O-O Nc6 7. h3 e5 8. d5 Ne7
9. c4 Ne8 10. Nbc3 f5 11. f4 Nf6 12. fxe5 dxe5 13. Kh2 Qd7 14. Qd3 Nh5 15. exf5
gxf5 16. Bg5 Ng6 17. Rae1 e4 18. Qe3 Ne5 19. b3 Nd3 20. Rd1 Be5 21. Bh6 Rf6 22.
Nxe4 fxe4 23. Qg5+ Kh8 24. Qxh5 Rxf1 25. Rxf1 1-0

[Event "Online Olym Div2 C 2020"]
[Site "chess.com INT"]
[Date "2020.08.16"]
[Round "9.4"]
[Board "3"]
[White "Viikmaa, Karmen"]
[Black "Georgescu, Lena"]
[Result "0-1"]
[BlackTitle "WIM"]
[WhiteElo "1720"]
[BlackElo "2276"]
[WhiteTeam "Estonia"]
[BlackTeam "Switzerland"]
[WhiteFideId "4502620"]
[BlackFideId "1331973"]
[EventDate "2020.08.14"]
[EventType "team"]

1. Nf3 Nf6 2. g3 d5 3. Bg2 c6 4. O-O Bg4 5. d3 Nbd7 6. Nbd2 e5 7. e4 dxe4 8.
dxe4 Be7 9. c3 O-O 10. Re1 Re8 11. a4 a5 12. h3 Bh5 13. Qc2 Qc7 14. Nc4 Bf8 15.
Be3 b5 16. axb5 cxb5 17. Na3 Qb7 18. Nh4 Nc5 19. Bg5 Nfd7 20. Nf5 f6 21. Bc1 Bf7
22. Qe2 Nb3 23. Rb1 Rab8 24. Nc2 Ndc5 25. Nce3 g6 26. Nh4 Bg7 27. Ng4 Nxc1 28.
Rexc1 Red8 29. Rd1 Bb3 30. Rxd8+ Rxd8 31. Qe3 Qc6 32. Ra1 a4 33. Re1 Rd3 34. Qe2
Qd7 35. Ne3 Rd2 36. Qf3 Rxb2 37. Nd5 Bxd5 38. exd5 f5 39. Qe3 Qd6 40. Rd1 e4 41.
Bf1 a3 42. Qc1 Na4 43. c4 a2 44. c5 Qxc5 0-1